2026 NCAA Men's Basketball Team Famous Alumni of the school - Statistics

General Stats
  • This quiz has been taken 5 times
  • The average score is 18 of 68
Answer Stats
City State % Correct
BYU Mitt Romney I Aaron Eckhart I Ken Jennings BYU
75%
Florida Faye Dunaway I Marco Rubio I Erin Andrews Florida
75%
Gonzaga Bing Crosby I John Stockton I Adam Morrison Gonzaga
75%
Kansas Paul Rudd I Don Johnson I Mandy Patinkin I Bob Dole Kansas
75%
Nebraska Warren Buffett I Gabrielle Union I Johnny Carson Nebraska
75%
UCLA Nicolas Cage I Jack Black I Mayim Bialik UCLA
75%
Arizona Kristen Wiig I Kourtney Kardashian I Steve Kerr I John Hughes Arizona
50%
Clemson Nikki Haley I Jim Demint I Dolph Lundgren Clemson
50%
Duke Richard Nixon I Ken Jeong I Tim Cook Duke
50%
Furman Amy Grant I Clint Dempsey I John B Watson Furman
50%
Georgia Bill Goldberg I Andy Roddick I Wayne Knight Georgia
50%
Kentucky Ashley Judd I Pat Riley I Leslie Jordan Kentucky
50%
Louisville Mitch McConnell I Maggie Lawson I Diane Sawyer Louisville
50%
Michigan St James Cann I Sam Raimi I Gretchen Whitmer Michigan St
50%
Ohio St JK Simmons I Jesse Owens I R.L. Stine Ohio St
50%
Purdue Neil Armstrong I Sully I George Peppard Purdue
50%
Santa Clara Gavin Newsom I Steve Nash I Leon Panetta Santa Clara
50%
Texas Matthew McConaughey I Ethan Hawke I Renee Zellweger Texas
50%
Vanderbilt Al Gore I James Patterson I Fred Thompson I Dierks Bentley Vanderbilt
50%
Akron Dan Auerbach I Yvette Nicole Brown I Jason Taylor Akron
25%
Alabama Harper Lee I Jimmy Wales I Kaitlan Collins Alabama
25%
Arkansas Tyson Gay I Jim Walton I Barry Switzer Arkansas
25%
Cal Baptist Rick Warren I Nathan Fletcher I Corey Jackson Cal Baptist
25%
Hawaii Bette Midler I Tammy Duckworth I Jason Momoa Hawaii
25%
Hofstra Francis Ford Coppola I Christopher Walken I Steve Witkoff Hofstra
25%
Houston Jim Parsons I Jim Nantz I Star Jones Houston
25%
Howard Chadwick Boseman I Toni Morrison I Roberta Flack Howard
25%
Illinois Gene Hackman I Hugh Hefner I Nick Offerman Illinois
25%
Iowa St George Washington Carver I Joni Ernst I Jeff Hornacek Iowa St
25%
McNeese Bobby Kimball I Joe Dumars I Andre Dubus McNeese
25%
Miami FL Dwayne Johnson I Gloria Estefan I Ben Folds Miami FL
25%
Miami OH Paul Ryan I Mike DeWine I Paul Brown Miami OH
25%
Michigan James Earl Jones I Larry Page I Sanjay Gupta Michigan
25%
Missouri Jon Hamm I Brad Pitt I George C Scott Missouri
25%
North Carolina Billy Crudup I Andy Griffith I James K Polk North Carolina
25%
North Dakota St Doug Burgum I Bob Backlund I Brad Rheingans North Dakota St
25%
Northern Iowa Chuck Grassley I Nick Nurse I Lisa Bluder Northern Iowa
25%
Penn Elon Musk I Noam Chomsky I Elizabeth Banks Penn
25%
Queens N.C. Betsy Byars I Jayson Alexander I Elizabeth Johnston Evans Johnston Queens N.C.
25%
SMU Jayne Mansfield I Laura Bush I Bryson DeChambeau SMU
25%
St. Johns J. Cole I Mario Cuomo I Mike Francesa St. Johns
25%
TCU Luke Wilson I Chris Klein I Bob Schieffer I Ladanian Tomlinson TCU
25%
Tennessee St Maurice White I Wilma Rudolph I Oprah Winfrey Tennessee St
25%
Troy John Kirby I Lawrence Tynes I Demarcus Ware Troy
25%
Villanova Bradley Cooper I Pope Leo XIV I Jill Biden Villanova
25%
High Point Tubby Smith I Austin Dillon I Donna Fargo High Point
0%
Idaho Sarah Palin I Mark Schlereth I Bill Fagerbakke Idaho
0%
Iowa Ashton Kutcher I Gene Wilder I Jake Johnson Iowa
0%
Kennesaw St Ryan Seacrest I Ty Pennington I Mac Powell Kennesaw St
0%
Lehigh Lee Iacocca I Stephanie Ruhle I Roger Penske Lehigh
0%
Long Island John Leguizamo I Dina Meyer I Brian Kilmeade Long Island
0%
NC State Jada Pinkett Smith I Mary-Louise Parker I Anthony Mackie NC State
0%
Prairie View A&M Megan Thee Stallion I Mr. T I Emanuel Cleaver Prairie View A&M
0%
Saint Louis Robert Guillaume I Michael Bidwill I James Gunn Saint Louis
0%
Siena Bobby Fish I Wayne LaPierre I George Deukmejian Siena
0%
South Florida Hulk Hogan I Mark Conseulos I Gallagher I Lauren Hutton South Florida
0%
St. Marys Mahershala Ali I Don Perata I Melanie Ann Stansbury St. Marys
0%
Tennessee Kurt Vonnegut I Dixie Carter I Dave Ramsey Tennessee
0%
Texas A&M Eva Longoria I Davey Johnson I Will Hurd Texas A&M
0%
Texas Tech Jesse Plemons I Natalie Maines I Scott Pelley Texas Tech
0%
UCF Daniel Tosh I Matt Prater I Aric Almirola UCF
0%
UConn Meg Ryan I Tony Todd I Molly Qerim UConn
0%
UMBC Kathleen Turner I Duff Goldman I Johnathon Schaech UMBC
0%
Utah St Harry Reid I Spencer Cox I Nolan Bushnell Utah St
0%
VCU Rama Duwaji I Jay Pharoah I Mo Alie-Cox VCU
0%
Virginia Edgar Allan Poe I Robert F. Kennedy I Tina Fey Virginia
0%
Wisconsin Charles Lindbergh I Frank Lloyd Wright I Anders Holm Wisconsin
0%
Wright St Nicole Scherzinger I Brad Sherwood I Nan Whaley Wright St
0%
No matching quizzes found
Score Distribution
Percent of People with Each Score
Percentile by Number Answered
Your Score History
You have not taken this quiz